000 00577nmm a2200169Ia 4500
008 251105s9999||||xx |||||||||||||||||und||
020 _a9786071609991
041 _aspa
100 _aÁlvarez, Luis H.
245 0 _aCorazón indígena :
_b Lucha y esperanza de los pueblos originarios de México
264 _a[México D.C., Mexico] :
_bFondo de Cultura Económica,
_c2013
300 _a319 páginas
490 _aVida y Pensamiento de México
650 _aHistory of the Americas: Latin America
856 _uhttps://public.digitaliapublishing.com/a/43240
942 _cCF
999 _c75445
_d75445